000
00320nam a22001337a 4500
999
_c
55016
_d
55016
008
200204b ||||| |||| 00| 0 eng d
041
_a
eng
080
_2
043.3
_a
043.3
082
_a
043.3
100
_a
0
101
_a
BTH
245
_a
Mediat Sociale në Kosovë, si Burim i Informacionit
_c
Gashi,M
942
_2
udc
_c
BK